000 00727nam a2200217 i 4500
001 37925
003 ES-MaACL
005 20251217063016.0
007 t|
008 030224s1850 sp ||||1| spa d
080 _a94(460)"1843/68"
100 0 _aBurgos, Javier de,
_d1778-1849
_932653
245 1 0 _aAnales del reinado de Dª Isabel II
_b: obra póstuma /
_cJavier de Burgos ; [con una biografía del autor por A.P.].
260 _aMadrid :
_bMellado,
_c1850.
300 _a6 t. en 3 v. ;
_c22 cm.
500 _aIncluye apéndices documentales y legislativos.
651 4 _aEspaña-
_xHistoria-
_z1843-1868, Isabel II
_98256
700 1 _aA. P.
_917880
852 _aES-MaACL
_jC-180-82
999 _c37925
_d37925